000 01698cam a2200253Ii 4500
020 _a9784924971325
020 _a4924971324
040 _cLWU
041 1 _hjpn
082 0 4 _a320 INT 2012 A010 Or.
100 1 _aWatanabe, Hiroshi,
245 1 2 _aA history of Japanese political thought, 1600-1901 /
250 _aFirst English edition
300 _axiv, 543 pages :
_billustrations, maps ;
_c24 cm
490 1 _aLTCB international library selection ;
500 _aOriginally published in Japanese as: Nihon seiji shis¿‍shi : 17-20 seiki. Tokyo : University of Tokyo Press, 2010
520 _aIn 1853 a flotilla of U.S. Navy warships led by Commodore Matthew C. Perry arrived in Japan. A scant fourteen years later the rule of the Tokugawa shogunate, which had lasted two and a half centuries, was at an end. What lay behind the sudden collapse of samurai rule? Watanabe Hiroshi traces the quiet changes in political thought that culminated in the dramatic events of the Meiji Revolution in 1868. Confucian ideals such as a universal Way and benevolent government under a virtuous ruler possessing the mandate of heaven were taught by successive Japanese Confucians and came to permeate the country, posing an implicit threat to military rule. Over time the development of a national consciousness, the rising prestige of the imperial court in Kyoto, and increased knowledge of the Western world created the conditions for a national debate over opening up to the West and for radical political change
650 0 _aPolitical science
650 0 _aPolitical science
650 0 _aPolitical science
650 0 _aPolitical scientists
700 1 _aNoble, David,
942 _cEK
999 _c13739
_d13739